| 000 | 00797 a2200169 4500 | ||
|---|---|---|---|
| 003 | Nust | ||
| 005 | 20221013123451.0 | ||
| 040 | _cNust | ||
| 082 | _a551.46735,KHA | ||
| 100 |
_aKhan ,Shahid A _946375 |
||
| 245 |
_aThe Persian Gulf and The Balance of Power _cMajor Shahid A Khan |
||
| 260 |
_aGHQ _bEducatin Press _c1982. |
||
| 300 | _a118:p | ||
| 505 | _aInterdiction (Page-1), The Historical Overview Of The Balance of Power system in The Persian Gulf Region (Page-8), The Land , People And the Political of the Persian Gulf Region (Page-46), Regional Political of the Persian Gulf (Page-68), The Creation and Collapse of a New Balance of Power System in the Persian Gulf (Page-86), Future of the Persian Gulf and Western Option (Page-99). | ||
| 650 | _a Balance of Power | ||
| 942 |
_2ddc _cBK |
||
| 999 |
_c183802 _d183802 |
||